000 01185cam a2200289 a 4500
001 15733105
003 OSt
005 20250610122513.0
008 090511s2009 enk b 001 0 eng
010 _a 2009017557
015 _aGBA951586
_2bnb
016 7 _a015265584
_2Uk
020 _a9780367614706
035 _a(OCoLC)ocn166379151
040 _aDLC
_cDLC
_dBTCTA
_dBAKER
_dYDXCP
_dC#P
_dBWX
_dCDX
_dUKM
_dDLC
050 0 0 _aHD30.5
_b.W58 2009
082 0 0 _a658.009
_bWIT/M
100 1 _aWitzel, Morgen
_910567
245 1 0 _aManagement history :
_btext and cases /
_cMorgen Witzel.
260 _aLondon ;
_aNew York :
_bRoutledge,
_c2009.
300 _axv, 462 p. ;
_c24 cm.
504 _aIncludes bibliographical references (p. [427]-445) and index.
505 0 _aIntroduction to management history -- Organisation -- Strategy -- Human resource management -- Marketing -- Financial management -- Technology, innovation and knowledge -- Business and society -- Leadership -- Conclusion : how history impacts on management.
650 0 _aManagement
_xHistory.
650 0 _aManagement science
_xHistory.
942 _2ddc
_cBK
_h658.009
_iWIT/M
_k658.009
_mWIT/M
999 _c44537
_d44537